00505nam a22001934a 45000050016000000100014000160200025000300350013000550370013000680820008000811000012000892450049001012600036001502700043001863000025002295000040002546500014002947000003003082010081100240.0 aENG-99517 c85.00a9788190863261 aEN-83049 bDBAD/PUB a921 aP. Gopi aLife and worked of syviaplath /cby P. Gopi  aChennaibSaru Publicationc2009 bChennaia15, K. S. Mani Streete600094 a188 p. c22cm (Pbk)  aIncludes bibliographical references aBiography